=LDR 00000nam 2200000 4500 =001 000665 =005 20250711020117 =035 ##$$a 0010-0725000533 =007 ta =008 250711################a##########0#ind## =020 ##$$a 978-623-472-660-2 =082 ##$$a 398.209 598 =084 ##$$a 398.209 598 BAN a =100 #$$a Bannerjee, Kanchan =245 1#$$a Aku dan Kakak Perempuanku /$c Kanchan Bannerjee =260 ##$$a Jakarta Timur :$b Badan Pengembangan dan Pembinaan Usaha,$c 2022 =300 ##$$a 16 hlm. : $b ilus. ; $c 22,9 cm =650 #4$$a Cerita Anak Indonesia-Terjemahan =650 #4$$a Literasi-Bahan Bacaan =856 ##$$a TBM As Suhada =990 ##$$a TBM04400440